000 00846ngm a22002650a 4500
001 PT36021
003 AR-LpoUNG
005 20210202000459.0
007 vd cvaizq
008 191001suuuu||||ag |||||||||||||||||spa d
040 _aAR-LpoUNG
_bspa
_cAR-LpoUNG
_eaacr
041 _aspa
082 0 _a920.9 277jam
245 1 0 _aJames Dean
260 _as.l. :
_bPassport International Productions,
_c1992.
300 _aVHS (30 min.) : son., byn, col.
520 _aRebelde sin causa causa y estrella sin igual, James Dean es la historia del mas grande rebelde de Hollywood, tanto en la pantalla y como fuera de ella.
650 4 _aBIOGRAFIAS
651 4 _aDOCUMENTOS TEORICOS O METODOLOGICOS
653 _aCINE
653 _aVIDEOS
710 2 _aPassport International Productions (firma comercial)
905 _a36021
942 _cVIDEO
999 _c54931
_d54931